|
|
|
|
| LEADER |
00000cam a22000004a 4500 |
| 001 |
musev2_7616 |
| 003 |
MdBmJHUP |
| 005 |
20230905040855.0 |
| 006 |
m o d |
| 007 |
cr||||||||nn|n |
| 008 |
050331s2005 nyu o 00 0 eng d |
| 010 |
|
|
|z 2005009275
|
| 020 |
|
|
|a 9780814776759
|
| 020 |
|
|
|z 0814776752
|
| 020 |
|
|
|z 9780814775240
|
| 020 |
|
|
|z 0814775241
|
| 035 |
|
|
|a (OCoLC)76964155
|
| 040 |
|
|
|a MdBmJHUP
|c MdBmJHUP
|
| 043 |
|
|
|a e-gx---
|
| 050 |
0 |
4 |
|a DD256.5
|b .R382 2005
|
| 082 |
0 |
|
|a 943.086
|2 22
|
| 100 |
1 |
|
|a Redles, David.
|
| 245 |
1 |
0 |
|a Hitler's Millennial Reich :
|b Apocalyptic Belief and the Search for Salvation /
|c David Redles.
|
| 264 |
|
1 |
|a New York :
|b New York University Press,
|c 2005.
|
| 264 |
|
3 |
|a Baltimore, Md. :
|b Project MUSE,
|c 2012
|
| 264 |
|
4 |
|c ©2005.
|
| 300 |
|
|
|a 1 online resource (263 pages).
|
| 336 |
|
|
|a text
|b txt
|2 rdacontent
|
| 337 |
|
|
|a computer
|b c
|2 rdamedia
|
| 338 |
|
|
|a online resource
|b cr
|2 rdacarrier
|
| 504 |
|
|
|a Includes bibliographical references (p. 203-254) and index.
|
| 505 |
0 |
|
|a Nazism, myth, and meaning -- A world turned upside down: Weimar chaos and the culture of apocalypse -- The turning point: Racial apocalypse or racial salvation -- Seeing the light: The Nazi conversion experience -- Hitler as Messiah -- The Messiah legitimated: Linking the leader and the led -- Final empire, final war, final solution -- The Hitler gospels and old guard testimonials: Reconstructing a mythical world.
|
| 588 |
|
|
|a Description based on print version record.
|
| 651 |
|
0 |
|a Germany
|x Civilization
|y 20th century.
|
| 650 |
|
0 |
|a National socialism
|x Public opinion.
|
| 650 |
|
0 |
|a Millennialism
|z Germany
|x History
|y 20th century.
|
| 600 |
1 |
0 |
|a Hitler, Adolf,
|d 1889-1945
|x Public opinion.
|
| 655 |
|
7 |
|a Electronic books.
|2 local
|
| 710 |
2 |
|
|a Project Muse.
|e distributor
|
| 830 |
|
0 |
|a Book collections on Project MUSE.
|
| 856 |
4 |
0 |
|z Texto completo
|u https://projectmuse.uam.elogim.com/book/7616/
|
| 945 |
|
|
|a Project MUSE - Custom Collection
|
| 945 |
|
|
|a Project MUSE - Archive Complete Foundation
|
| 945 |
|
|
|a Project MUSE - Archive History Foundation
|